English critical essays: 20th century (Record no. 161085)

MARC details
000 -LEADER
fixed length control field 00401nam a2200157Ia 4500
008 - FIXED-LENGTH DATA ELEMENTS--GENERAL INFORMATION
fixed length control field 230917s9999||||xx |||||||||||||| ||und||
020 ## - ISBN
Price RS27.4
040 ## - CATALOGING SOURCE
-- 83871
Original cataloging agency VIVEKANANDA LIBRARY
041 ## - Language
-- English
082 ## - DDC NUMBER
Classification number 824.09 J723E
100 ## - MAIN ENTRY--PERSONAL NAME
Personal name Jones, Phyllis M
245 #0 - TITLE STATEMENT
Title English critical essays: 20th century
260 ## - PUBLICATION, DISTRIBUTION, ETC. (IMPRINT)
Place of publication, distribution, etc London
Name of publisher, distributor, etc Oxford University Press
Date of publication, distribution, etc 1964
300 ## - PHYSICAL DESCRIPTION
Pages xv, 399 p.
942 ## - ADDED ENTRY ELEMENTS (KOHA)
Koha item type Books
Holdings
Withdrawn status Lost status Damaged status Not for loan Location (home branch) Sublocation or collection (holding branch) Date acquired Koha issues (times borrowed) Koha full call number Accession No. Koha date last seen Koha item type
        VIVEKANANDA LIBRARY VIVEKANANDA LIBRARY 24/03/2003   824.09 J723E 295 17/09/2023 Books
© Designed and Maintained by Vivekananda Library, MDU Rohtak